Guadalcanal.

Saved in:
நூற்பட்டியல் விவரங்கள்
தலைமை எழுத்தாளர்: Anderson, Charles Robert, 1943-
குழும எழுத்தாளர்: Center of Military History.
வடிவம்: புத்தகம்
மொழி:English
வெளியீடப்பட்டது: [Washington D.C.? : U.S. Army Center of Military History] : For sale by the U.S. G.P.O., Supt. of Docs., [1993]
தொகுதி:The U.S. Army campaigns of World War II.
CMH pub ; 72-8.
பகுதிகள்:
குறியீடுகள்: குறிச்சொல் இணை
குறியீடுகள் இல்லை, இந்த குறிச்சொல்லை முதலில் பதிவு செய்யுங்கள்!
LEADER 01359cam a2200361Ia 4500
001 003473305-1
005 20020606093309.7
008 930621s1993 dcuab b f000 0 eng d
020 |a 0160381045 :  |c $1.00 
035 0 |a ocm28303367 
040 |a MHR  |c MHR  |d GPO  |d HLS 
043 |a posn--- 
074 |a 0344-G 
086 0 |a D 114.7/5:G 93 
090 |a D767.982.G8  |b A52 1993 
100 1 |a Anderson, Charles Robert,  |d 1943- 
245 1 0 |a Guadalcanal. 
246 3 |a Guadalcanal, 7 August 1942-21 February 1943. 
260 |a [Washington D.C.? :  |b U.S. Army Center of Military History] :  |b For sale by the U.S. G.P.O., Supt. of Docs.,  |c [1993] 
300 |a 27 p. :  |b ill. (some col.), col. maps ;  |c 22 cm. 
490 1 |a The U.S. Army campaigns of World War II 
490 1 |a CMH pub ;  |v 72-8 
500 |a Cover title. 
500 |a Caption title: Guadalcanal, 7 August 1942-21 February 1943. 
500 |a Shipping list no.: 93-0350-P. 
500 |a "This brochure was prepared in the U.S. Army Center of Military History by Charles R. Anderson"--p. [2]. 
504 |a Includes bibliographical references (p. [4] of cover). 
650 0 |a Guadalcanal, Battle of, Solomon Islands, 1942-1943. 
710 2 |a Center of Military History. 
830 4 |a The U.S. Army campaigns of World War II. 
830 0 |a CMH pub ;  |v 72-8. 
988 |a 20020608 
906 |0 OCLC